000 00645nam a2200241Ia 4500
003 OSt
005 20221005120122.0
006 a|||||r|||| 00| 0
007 ta
008 221004b |||||||| |||| 00| 0 eng d
024 _a65032
037 _cTextual
040 _aCRL
_cCRL
_beng
041 _2eng
_aeng
082 _aX, J38
100 _aRao V.K.R.V.
245 0 _aDeficit financing, capital formation and price behaviour in an underdeveloped economy.
260 _c1953
490 _aEastern economist pamphlets, 20.
650 _aECONOMICS
942 _hX, J38
_cTEXL
_2cc
999 _c1036938
_d1036938